<?xml version="1.0" encoding="UTF-8"?>
<resp>
  <nextPage>https://data.bn.org.pl/api/networks/bibs.marcxml?marc=001+b0000005388688&amp;sinceId=5388689</nextPage>
  <collection>
    <record xmlns='http://www.loc.gov/MARC21/slim'><leader>01959nam a2200565 i 4500</leader><controlfield tag='001'>b0000005388688</controlfield><controlfield tag='005'>20241203215251.0</controlfield><controlfield tag='008'>161207q17011800xx           |000 0 lat  </controlfield><controlfield tag='009'>9910305429805606</controlfield><datafield ind1=' ' ind2=' ' tag='035'><subfield code='a'>991001932879705066</subfield></datafield><datafield ind1=' ' ind2=' ' tag='035'><subfield code='a'>(PL-WaBN)b53886884-48omnis_nlop</subfield></datafield><datafield ind1=' ' ind2=' ' tag='035'><subfield code='a'>b53886884</subfield></datafield><datafield ind1=' ' ind2=' ' tag='035'><subfield code='a'>(OCoLC)1242430347</subfield></datafield><datafield ind1=' ' ind2=' ' tag='035'><subfield code='a'>(PL)b0000005388688</subfield></datafield><datafield ind1=' ' ind2=' ' tag='040'><subfield code='a'>WA N</subfield><subfield code='c'>WA N</subfield><subfield code='d'>WA N</subfield></datafield><datafield ind1='0' ind2=' ' tag='041'><subfield code='a'>lat</subfield></datafield><datafield ind1='2' ind2=' ' tag='045'><subfield code='b'>d1701</subfield><subfield code='b'>d1800</subfield></datafield><datafield ind1=' ' ind2=' ' tag='046'><subfield code='k'>1701</subfield><subfield code='l'>1800</subfield></datafield><datafield ind1='1' ind2='0' tag='245'><subfield code='a'>[Missale ...].</subfield></datafield><datafield ind1=' ' ind2=' ' tag='260'><subfield code='a'>(Venetiis) :</subfield><subfield code='b'>apud Cieras,</subfield><subfield code='c'>[między 1701 a 1800].</subfield></datafield><datafield ind1=' ' ind2=' ' tag='300'><subfield code='a'>[19] kart. 504 strony, CXLj stron, [4] karty ;</subfield><subfield code='c'>2°.</subfield></datafield><datafield ind1=' ' ind2=' ' tag='336'><subfield code='a'>Tekst</subfield><subfield code='b'>txt</subfield><subfield code='2'>rdacontent</subfield></datafield><datafield ind1=' ' ind2=' ' tag='337'><subfield code='a'>Bez urządzenia pośredniczącego</subfield><subfield code='b'>n</subfield><subfield code='2'>rdamedia</subfield></datafield><datafield ind1=' ' ind2=' ' tag='338'><subfield code='a'>Wolumin</subfield><subfield code='b'>nc</subfield><subfield code='2'>rdacarrier</subfield></datafield><datafield ind1=' ' ind2=' ' tag='380'><subfield code='a'>Starodruki</subfield></datafield><datafield ind1=' ' ind2=' ' tag='380'><subfield code='a'>Książki</subfield></datafield><datafield ind1='1' ind2=' ' tag='388'><subfield code='a'>1701-1800</subfield></datafield><datafield ind1=' ' ind2=' ' tag='500'><subfield code='a'>Druk dwuszpaltowy czerwono-carny.</subfield></datafield><datafield ind1='3' ind2=' ' tag='510'><subfield code='a'>Estr XV-XVIII nie notuje.</subfield></datafield><datafield ind1=' ' ind2='7' tag='648'><subfield code='a'>1701-1800</subfield><subfield code='2'>DBN</subfield></datafield><datafield ind1=' ' ind2='7' tag='650'><subfield code='a'>Liturgia katolicka</subfield><subfield code='2'>DBN</subfield></datafield><datafield ind1=' ' ind2='7' tag='650'><subfield code='a'>Rok liturgiczny</subfield><subfield code='2'>DBN</subfield></datafield><datafield ind1=' ' ind2='7' tag='655'><subfield code='a'>Mszał</subfield><subfield code='2'>DBN</subfield></datafield><datafield ind1=' ' ind2=' ' tag='658'><subfield code='a'>Religia i duchowość</subfield></datafield><datafield ind1='1' ind2=' ' tag='700'><subfield code='a'>Ciera, Bonifacio</subfield><subfield code='e'>Druk</subfield></datafield><datafield ind1=' ' ind2=' ' tag='752'><subfield code='a'>Włochy</subfield><subfield code='d'>Wenecja.</subfield></datafield><datafield ind1=' ' ind2=' ' tag='852'><subfield code='8'>22477069020005066</subfield><subfield code='j'>1</subfield><subfield code='h'>SD XVIII.4.1154 adl.</subfield><subfield code='b'>BN_PL</subfield><subfield code='p'>777i52048664</subfield><subfield code='c'>bstdr</subfield><subfield code='z'>UWAGA: Współopr.: XVIII.4.1154-1157. Defekt: Brak strony tytułowej.</subfield></datafield><datafield ind1=' ' ind2=' ' tag='852'><subfield code='b'>48OMNIS_NLOP</subfield><subfield code='8'>991001932879705066</subfield></datafield><datafield ind1=' ' ind2=' ' tag='852'><subfield code='b'>48OMNIS_NETWORK</subfield><subfield code='8'>9910305429805606</subfield></datafield><datafield ind1=' ' ind2=' ' tag='950'><subfield code='u'>https://eu05.alma.exlibrisgroup.com/view/uresolver/48OMNIS_NETWORK/openurl?u.ignore_date_coverage=true&amp;portfolio_pid=53698572500005066&amp;Force_direct=true</subfield><subfield code='z'>Zobacz w Polonie: egzemplarz SD XVIII.4.1154 adl.</subfield><subfield code='8'>53698572500005066</subfield></datafield></record>
  </collection>
</resp>
